| Поле | Название | Значение |
| |
Тип записи |
a |
| |
Библиографический уровень |
m |
| 001 |
Контрольный номер |
RU/SLIB/B/208759834 |
| 005 |
Дата корректировки |
20241220164207.7 |
| 010 |
Индекс ISBN |
__ |
| a |
ISBN |
5-88694-033-2 |
| d |
Цена |
35000-00 |
| 101 |
Язык документа |
0_ |
| a |
Язык текста |
rus |
| 200 |
Заглавие и сведения об ответственности |
1_ |
| a |
Заглавие |
Система и программы психической самозащиты |
| e |
Сведения, относящиеся к заглавию |
(информационный психотренинг здоровья и успехов) |
| f |
Первые сведения об ответственности |
Э. Каструбин. Сознательное самовнушение как путь к господству над собой / Э. Куэ |
| b |
Общее обозначение материала |
Текст |
| 210 |
Выходные данные |
1_ |
| a |
Место издания |
М. |
| c |
Издательство |
КСП |
| d |
Дата издания |
1996 |
| 215 |
Физическое описание |
__ |
| a |
Объем |
303 с. |
| 327 |
Примечание о содержании |
0_ |
| a |
Примечание о содержании |
Сознательное самовнушение как путь к господству над собой / Э. Куэ |
| 606 |
Тематические рубрики |
__ |
| a |
Основная рубрика |
Психология |
| 2 |
Код системы |
nlr_sh |
| 606 |
Тематические рубрики |
__ |
| a |
Основная рубрика |
Особые состояния и явления психики |
| 2 |
Код системы |
nlr_sh |
| 610 |
Ключевые слова |
0_ |
| a |
Ключевые слова |
психотренинги; самовнушение; успешность; личность; омоложение организма; психическая самозащита; Я-концепция; психологические тренинги |
| 686 |
Индексы других классификаций |
__ |
| a |
Классификационный индекс |
88.287.2; ст88.28 |
| 2 |
Код системы |
rubbks |
| 700 |
Автор |
_1 |
| a |
Фамилия |
Каструбин |
| b |
Имя |
Э. |
| g |
Полное личное имя |
Эдуард |
| 4 |
Код отношения |
070 |
| 702 |
Вторичная интеллектуальная ответственность |
_1 |
| a |
Фамилия |
Куэ |
| b |
Имя |
Э. |
| 4 |
Код отношения |
Автор |
| 4 |
Код отношения |
070 |
| 801 |
Источник записи |
_0 |
| a |
Страна |
RU |
| b |
Организация |
Муниципальное бюджетное учреждение культуры "Централизованная библиотечная система" г. Сургут (Центральная городская библиотека им. А. С. Пушкина) |
| g |
Правила каталогизации |
КиК/Гришунина |
| 801 |
Источник записи |
_1 |
| a |
Страна |
RU |
| b |
Организация |
Муниципальное бюджетное учреждение культуры "Централизованная библиотечная система" г. Сургут (Центральная городская библиотека им. А. С. Пушкина) |
| g |
Правила каталогизации |
КиК/Гришунина |
| 852 |
Данные о местонахождении |
__ |
| j |
Шифр хранения |
88.287.2 |
| c |
Каталожный индекс |
88.6 |
| i |
Авторский знак |
К 28 |
| p |
Инвентарный номер |
61406 |
| 901 |
Тип документа |
__ |
| t |
Тип документа |
m |
| 990 |
Данные о заказе (DOS) |
__ |
| j |
Количество экземпляров (DOS) |
2 |
| t |
N записи в КСУ для И/У (DOS) |
199701 |